000 00948cab a2200265 4500
001 ABS46147
008 090401t1992 xxu||||| |||| 00| 0 eng d
035 _a(Sirsi) u56979
041 _aeng
100 _aCampbell, G.
245 _aTelecommunications and the General Development Order
260 _c1992
350 _a0
490 _aJournal of Planning and Environment Law
_vMarch 1992, 222-226(3)
520 _aDiscusses amendments to the General Development Order which define the extent of permitted development in the telecommunications industry, in particular satellite television.
650 _aPERMITTED DEVELOPMENT RIGHTS
650 _aSATELLITE DISHES
650 _aTELECOMMUNICATIONS ACT 1984
650 _aTELECOMMUNICATIONS CODE SYSTEM OPERATIONS
650 _aTELECOMMUNICATIONS DEVELOPMENTS
690 _aPLANNING LAW AND PRACTICE
690 _aTRANSPORT AND COMMUNICATIONS
942 _n0
948 _c04/03/1997
999 _c34754
_d34754